01119nas a2200277Ia 4500001002300000003001000023008004100033040002500074041001300099100001100112210004600123222004600169245007700215250001100292260000900303501012300312300001400435362003500449500008000484650004600564700001100610942000700621957000600628999003200634952017500666dg22-1319 [d000001281]IT-MiCISF161014c99999999xx |||||||||||| ||und|| aIT-MiCISFcIT-MiCISF aITALIANO aAA.VV. aContraccezione, fertilità, sessualità aContraccezione, fertilità, sessualità 0aOtto anni di consultorio adolescenti: risultati, evoluzioni, prospettive a1a ed. c1992 bCISF - Centro Internazionale Studi Famiglia - Via Giotto, 36 20145 MILANO (non commercial uses only)cCopyright 2016 app. 55-59 a vol. 19, n. 1, gennaio [1992] a Tema: adolescenza, consultori, utenti, servizi, contraccezione, esperienze aFAMIGLIA - consulenza familiarevarticolo aAA.VV. cCR 71 a1319bSig1c221418d221418 0010406DG_221319_D00000128171aCISFbCISFd2016-10-14l0odg22-1319 [d000001281]r2016-10-14 00:00:00w2016-10-14yCRzData import 15.10.2016 / by Epidotti, Vaglietti